000 00584nam a2200205Ia 4500
005 20250326142621.0
008 250326s9999 xx 000 0 und d
020 _a0-205-14048-3
037 _aTextbook
040 _aFMSL
_beng
_cFMSL
041 _aeng
_2eng
084 _aX:89P N3
_qFMSL
100 _aHeizer Jay
245 0 _aProduction and operation management: Strategies and tactices
_cHeizer Jay; Render Barry
250 _a3
260 _aBostan
_bBostan, Allyn and Bacon
_c1993
300 _axxi,892
942 _cTB
_hX:89P N3
999 _c1295853
_d1295853